Dates Médiévales - Statistiques

Statistiques générales
  • Ce quiz a été pris 7 fois
  • Le résultat moyen est 8 sur 20
Statistiques - réponses
Hint Réponse % Correct
Bataille d'Hastings 1066
100%
Concile de Clermont 1095
83%
Las navas de Tolosa 1212
83%
Bataille de Muret 1213
83%
Dimanche de Bouvines 1214
83%
Episode de Canossa 1077
50%
Prise de Tolède 1085
50%
Concordat de Worms 1122
50%
Première diète de Roncaglia 1154
50%
Deuxième diète de Roncaglia 1158
50%
Concile de Charroux 989
50%
Concile de Toulouse 1027
33%
Bataille de Val-ès-Dunes 1047
33%
Début Réforme Grégorienne 1049
33%
Pataria de Milan 1057-1070
0%
Bataille de Legnano 1176
0%
Paix de Constance 1183
0%
Traité de Meaux-Paris 1229
0%
Concile de Lyon 1245
0%
Vêpres Sciciliennes 1292
0%
Aucun quiz correspondant
Distribution des résultats
% des personnes avec chaque résultat
Percentile par nombre de réponses
Votre historique - résultats
Vous n’avez pas pris ce quiz